[Event "Alegre op"]
[Site "Alegre"]
[Date "2024.03.08"]
[Round "1"]
[White "Tischler Lema Garcia, Maria Eduarda"]
[Black "Da Silva Borges, Rodrigo"]
[Result "0-1"]
[WhiteElo "1668"]
[BlackElo "2168"]
[PlyCount "86"]
[EventDate "2024.03.08"]
[EventType "swiss"]
[EventRounds "5"]
[EventCountry "BRA"]
[SourceTitle "CB12_2024"]
[SourceDate "2023.10.01"]
[SourceVersion "1"]
[SourceVersionDate "2023.10.01"]
[SourceQuality "1"]

1. d4 d5 2. c4 e5 3. dxe5 d4 4. Nf3 Nc6 5. e3 Bb4+ 6. Bd2 dxe3 7. fxe3 Nh6 8. a3 Bxd2+ 9. Qxd2 Qxd2+ 10. Nbxd2 Ng4 11. e4 0-0 12. Be2 Ngxe5 13. Nxe5 Nxe5 14. Nf3 Re8 15. Nxe5 Rxe5 16. Bd3 f5 17. 0-0 fxe4 18. Rae1 Bf5 19. Rf4 Rae8 20. Bc2 Bg6 21. Bb3 c5 22. Ba2 Bf7 23. b3 Rd8 24. Rfxe4 Rxe4 25. Rxe4 Rd2 26. Bb1 Rd1+ 27. Kf2 Rxb1 28. Re3 b5 29. Re5 Rxb3 30. Rxc5 Bxc4 31. Rc8+ Kf7 32. Rc7+ Kf6 33. Rxa7 Rb2+ 34. Kf3 Bd5+ 35. Kf4 Rxg2 36. Ra5 g5+ 37. Ke3 Bc4 38. Ra6+ Ke5 39. Rh6 Ra2 40. Rxh7 Rxa3+ 41. Kf2 Ra2+ 42. Kg1 b4 43. h4 Kf4 0-1

[Event "Florianopolis op 10th"]
[Site "Florianopolis"]
[Date "2024.01.20"]
[Round "1"]
[White "Silva, Adriano Da"]
[Black "Tischler Lema Garcia, Maria Eduarda"]
[Result "1-0"]
[WhiteElo "1926"]
[BlackElo "1299"]
[PlyCount "67"]
[EventDate "2024.01.20"]
[EventType "swiss"]
[EventRounds "10"]
[EventCountry "BRA"]
[SourceTitle "CB05_2024"]
[SourceDate "2024.01.31"]
[SourceVersion "1"]
[SourceVersionDate "2024.01.31"]
[SourceQuality "1"]

1. d4 d5 2. c4 e6 3. cxd5 exd5 4. Nc3 Nf6 5. Bg5 Be7 6. Qc2 Be6 7. Nf3 0-0 8. e3 Nbd7 9. Bd3 h6 10. Bh4 c6 11. 0-0 Rc8 12. a3 Qc7 13. b4 a6 14. Rfc1 Bd6 15. Na4 Bg4 16. Bg3 Bxg3 17. hxg3 Bxf3 18. gxf3 Qd6 19. Nc5 Rc7 20. Kg2 Re8 21. a4 Nh5 22. Qd2 Qf6 23. Ra3 Qg5 24. Rh1 Nxc5 25. bxc5 Nf6 26. Rb3 Nd7 27. Rhb1 Ra8 28. Rxb7 Rxb7 29. Rxb7 Qd8 30. a5 Qc8 31. Qb4 Qd8 32. Bf5 Nf8 33. Qb6 Qf6 34. Rb8 1-0

[Event "Santa Maria op 4th"]
[Site "Santa Maria"]
[Date "2023.11.26"]
[Round "6"]
[White "Santos, Ederson Silveira Do"]
[Black "Tischler Lema Garcia, Maria Eduarda"]
[Result "1-0"]
[WhiteElo "1579"]
[BlackElo "1248"]
[PlyCount "77"]
[EventDate "2023.11.24"]
[EventType "swiss"]
[EventRounds "6"]
[EventCountry "BRA"]
[SourceTitle "CB49_2023"]
[SourceDate "2023.12.06"]
[SourceVersion "1"]
[SourceVersionDate "2023.12.06"]
[SourceQuality "1"]

1. d4 d5 2. Nf3 Nf6 3. Bf4 c5 4. e3 Nc6 5. c3 Qb6 6. Qc1 Bf5 7. Nbd2 e6 8. dxc5 Bxc5 9. Be2 0-0 10. Nb3 Be7 11. h3 h6 12. 0-0 Rac8 13. Qd1 a5 14. a4 Rfe8 15. Ne5 Nxe5 16. Bxe5 Ne4 17. Nd2 Qxb2 18. Nxe4 Bxe4 19. Bd3 Bxd3 20. Qxd3 Qb6 21. Rfb1 Qc6 22. Rb5 Bd8 23. Rab1 Re7 24. Bd4 Qa6 25. e4 e5 26. Be3 dxe4 27. Qxe4 Rxc3 28. Rxb7 Rxb7 29. Rxb7 Rc4 30. Qd5 Bf6 31. Qxf7+ Kh7 32. Rb6 Qc8 33. Rxf6 Rc7 34. Qg6+ Kh8 35. Re6 Rc1+ 36. Bxc1 Qxc1+ 37. Kh2 Qf4+ 38. Qg3 Qxa4 39. Qxe5 1-0

[Event "Porto Alegre op"]
[Site "Porto Alegre"]
[Date "2023.08.26"]
[Round "2"]
[White "De Macedo, Lorenzo Scavone Zor"]
[Black "Tischler Lema Garcia, Maria Eduarda"]
[Result "0-1"]
[WhiteElo "1754"]
[BlackElo "1227"]
[PlyCount "34"]
[EventDate "2023.08.25"]
[EventType "swiss"]
[EventRounds "5"]
[EventCountry "BRA"]
[SourceTitle "EXT 2024"]
[Source "ChessBase"]
[SourceDate "2023.10.10"]
[SourceVersion "1"]
[SourceVersionDate "2023.10.10"]
[SourceQuality "1"]

1. b3 d5 2. Bb2 Bf5 3. e3 e6 4. Nf3 Nf6 5. c4 c5 6. cxd5 exd5 7. d4 b6 8. Ne5 Be7 9. Bb5+ Bd7 10. Bxd7+ Nbxd7 11. Nc6 Qc7 12. Nxe7 Kxe7 13. dxc5 bxc5 14. Nc3 Qc6 15. Rc1 d4 16. exd4 cxd4 17. Qe2+ Kd8 0-1

[Event "Florianopolis op 9th"]
[Site "Florianopolis"]
[Date "2023.01.26"]
[Round "6"]
[White "Tischler Lema Garcia, Maria Eduarda"]
[Black "Reis Neto, Agassiz Rubim Da Si"]
[Result "1-0"]
[WhiteElo "1246"]
[BlackElo "1649"]
[PlyCount "33"]
[EventDate "2023.01.23"]
[EventType "swiss"]
[EventRounds "10"]
[EventCountry "BRA"]
[SourceTitle "CBM 212 Extra"]
[Source "ChessBase"]
[SourceDate "2023.03.31"]
[SourceVersion "1"]
[SourceVersionDate "2023.03.31"]
[SourceQuality "1"]

1. d4 d5 2. Nf3 Nc6 3. e3 Bf5 4. a3 a6 5. Be2 e6 6. 0-0 e5 7. b3 e4 8. Nfd2 Qd6 9. Bb2 Be7 10. c4 b6 11. Nc3 Be6 12. b4 dxc4 13. Ndxe4 Qd7 14. d5 f5 15. Ng3 Bf7 16. dxc6 Qxc6 17. Bf3 1-0

[Event "BRA Amateur-ch U1800"]
[Site "Sao Paulo"]
[Date "2022.11.05"]
[Round "5"]
[White "Pavao, Alice Lara Biasi"]
[Black "Tischler Lema Garcia, Maria Eduarda"]
[Result "1-0"]
[WhiteElo "1416"]
[BlackElo "1182"]
[PlyCount "72"]
[EventDate "2022.11.03"]
[EventType "swiss"]
[EventRounds "7"]
[EventCountry "BRA"]
[SourceTitle "CBM 211 Extra"]
[Source "ChessBase"]
[SourceDate "2023.01.31"]
[SourceVersion "1"]
[SourceVersionDate "2023.01.31"]
[SourceQuality "1"]

1. c4 e6 2. g3 d5 3. Bg2 Nf6 4. Nf3 Bd6 5. 0-0 0-0 6. b3 b6 7. d4 Bb7 8. Nc3 Nbd7 9. Nb5 Be7 10. Bf4 a6 11. Bxc7 Qc8 12. Bd6 axb5 13. Bxe7 Re8 14. Bxf6 Nxf6 15. cxb5 Ne4 16. Qd3 Ra5 17. Rac1 Qd7 18. a4 Rc8 19. Ne5 Qd8 20. Nc6 Bxc6 21. Rxc6 Rxc6 22. bxc6 Nd6 23. Rc1 Qc7 24. e4 dxe4 25. Bxe4 f5 26. Bg2 b5 27. axb5 Rxb5 28. Qe3 Kf7 29. Re1 Qc8 30. d5 Ne4 31. f3 Nc5 32. Bf1 Rxb3 33. Qxc5 Rxf3 34. dxe6+ Kg8 35. e7 Kf7 36. Qd5+ Ke8 1-0

[Event "BRA Amateur-ch U1800"]
[Site "Sao Paulo"]
[Date "2022.11.04"]
[Round "4"]
[White "Tischler Lema Garcia, Maria Eduarda"]
[Black "Maciel, Felipe Eduardo Ribe"]
[Result "0-1"]
[WhiteElo "1182"]
[BlackElo "1619"]
[PlyCount "70"]
[EventDate "2022.11.03"]
[EventType "swiss"]
[EventRounds "7"]
[EventCountry "BRA"]
[SourceTitle "CBM 211 Extra"]
[Source "ChessBase"]
[SourceDate "2023.01.31"]
[SourceVersion "1"]
[SourceVersionDate "2023.01.31"]
[SourceQuality "1"]

1. d4 Nf6 2. Nf3 e6 3. e3 d5 4. Be2 c5 5. 0-0 Nc6 6. Nbd2 Bd6 7. b3 cxd4 8. Nxd4 Nxd4 9. exd4 Qc7 10. h3 0-0 11. Bb2 e5 12. dxe5 Bxe5 13. Bxe5 Qxe5 14. Re1 Qc7 15. c4 dxc4 16. Nxc4 Rd8 17. Qb1 b5 18. Ne3 a6 19. Qb2 Bb7 20. Rac1 Qf4 21. Red1 Re8 22. Bd3 h5 23. Rc2 Rad8 24. Rcd2 Rc8 25. Bc2 Qg5 26. g3 Rxe3 27. fxe3 Qxg3+ 28. Kf1 Qxh3+ 29. Ke1 Qh1+ 30. Kf2 Ng4+ 31. Ke2 Bf3+ 32. Kd3 Bxd1 33. Rxd1 Nf2+ 34. Ke2 Nxd1 35. Bxd1 Qg2+ 0-1

[Event "BRA Amateur-ch U1800"]
[Site "Sao Paulo"]
[Date "2022.11.03"]
[Round "1"]
[White "Tischler Lema Garcia, Maria Eduarda"]
[Black "Santos, Renan de Souza"]
[Result "0-1"]
[WhiteElo "1182"]
[BlackElo "1625"]
[PlyCount "114"]
[EventDate "2022.11.03"]
[EventType "swiss"]
[EventRounds "7"]
[EventCountry "BRA"]
[SourceTitle "CBM 211 Extra"]
[Source "ChessBase"]
[SourceDate "2023.01.31"]
[SourceVersion "1"]
[SourceVersionDate "2023.01.31"]
[SourceQuality "1"]

1. d4 g6 2. Nf3 Bg7 3. e4 d6 4. Be2 Nd7 5. 0-0 c5 6. b3 cxd4 7. Nxd4 Ngf6 8. Nd2 0-0 9. Bb2 a6 10. c4 Qb6 11. Qc2 Ne5 12. Rfd1 Bd7 13. Rac1 Rac8 14. a3 h5 15. b4 Nh7 16. N2b3 Rfd8 17. c5 dxc5 18. Nxc5 Rc7 19. Qb3 Qf6 20. Bc3 Qh4 21. Nf3 Nxf3+ 22. Bxf3 Ng5 23. Bxg7 Nxf3+ 24. Qxf3 Kxg7 25. Ne6+ Bxe6 26. Rxc7 Rxd1+ 27. Qxd1 Qxe4 28. Rxe7 Qc6 29. Qa1+ Kf8 30. Rxe6 Qxe6 31. h3 Ke7 32. Kf1 Kd7 33. Qc1 Qd5 34. f3 Kd6 35. Qf4+ Kc6 36. Ke2 Kb5 37. Qc7 Qc4+ 38. Qxc4+ Kxc4 39. g4 h4 40. f4 f5 41. gxf5 gxf5 42. Ke3 Kc3 43. a4 b6 44. b5 a5 45. Ke2 Kd4 46. Kf3 Kd3 47. Kf2 Ke4 48. Ke2 Kxf4 49. Kf2 Ke4 50. Ke2 Kd4 51. Kd2 Kc4 52. Kc2 Kb4 53. Kb2 Kxa4 54. Kc3 Kxb5 55. Kb3 a4+ 56. Kc3 Kc5 57. Kb2 f4 0-1